000 00330nam a2200145 a 4500
008 990203s1968||||xx 0 und c
040 _aSNK
_bslo
_cSNK
_eAACR2
100 1 _aGeryk, Ján
245 1 0 _aSlovenský spevník
260 _aMartin
_bObzor
_c1968
300 _a155 s.
020 _c15
041 _aslo
044 _axo
_cSK
999 _c15109
_d15109